000 00975nam a2200241Ia 4500
003 OSt
005 20220923225110.0
006 a|||||r|||| 00| 0
007 ta
008 220922b |||||||| |||| 00| 0 hin d
024 _a257,293
037 _cTextual
040 _aARTS
_cARTS
_bhin
041 _2hin
_ahin
082 _aR65,6, 152K2
100 _aतिलक, बाल गंगाधर; सप्रे, माधवराव जी, अनु
_9168371
245 0 _aश्री मभ्दगवदीना रहस्य अथवा कर्म योग शास्त्र
246 _aShrī mabhdagavadīnā rahasya athavā karma yog shāstra
260 _aपूना
_b जयंत श्रीधर तिलक
_c1962
300 _a802पृ.
_ccm.
942 _hR65,6, 152K2
_cTEXL
_2CC
999 _c376042
_d376042